Truyện cổ Dao
Giới thiệu 15 truyện cổ dân tộc Dao như truyện về đá Tả Phìn, hòn đá cười, truyện về thầy bói,...
Bewaard in:
| Formaat: | Boek |
|---|---|
| Taal: | Undetermined |
| Gepubliceerd in: |
Hà Nội
Văn học
2018
|
| Onderwerpen: | |
| Tags: |
Voeg label toe
Geen labels, Wees de eerste die dit record labelt!
|
| Thư viện lưu trữ: | Trung tâm Học liệu Trường Đại học Cần Thơ |
|---|
| LEADER | 00702nam a2200181Ia 4500 | ||
|---|---|---|---|
| 001 | CTU_236038 | ||
| 008 | 210402s9999 xx 000 0 und d | ||
| 082 | |a 398.209597 | ||
| 082 | |b Tr527 | ||
| 245 | 0 | |a Truyện cổ Dao | |
| 245 | 0 | |c Tần Kim Phu (Sưu tầm, biên soạn) | |
| 260 | |a Hà Nội | ||
| 260 | |b Văn học | ||
| 260 | |c 2018 | ||
| 520 | |a Giới thiệu 15 truyện cổ dân tộc Dao như truyện về đá Tả Phìn, hòn đá cười, truyện về thầy bói,... | ||
| 650 | |a Văn học dân gian, người Việt,Folk literature, Vietnamese | ||
| 910 | |b nthai | ||
| 980 | |a Trung tâm Học liệu Trường Đại học Cần Thơ | ||